L'arbre de Judée, (Record no. 2254)
[ view plain ]
| 000 -LEADER | |
|---|---|
| fixed length control field | 00817cam a22002291 4500 |
| 001 - CONTROL NUMBER | |
| control field | af 47003584 |
| 003 - CONTROL NUMBER IDENTIFIER | |
| control field | DLC |
| 005 - DATE AND TIME OF LATEST TRANSACTION | |
| control field | 20260227110820.0 |
| 008 - FIXED-LENGTH DATA ELEMENTS--GENERAL INFORMATION | |
| fixed length control field | 780209s1945 xx 000 0 fre |
| 010 ## - LIBRARY OF CONGRESS CONTROL NUMBER | |
| LC control number | af 47003584 |
| 035 ## - SYSTEM CONTROL NUMBER | |
| System control number | (OCoLC)3621555 |
| 040 ## - CATALOGING SOURCE | |
| Original cataloging agency | DLC |
| Transcribing agency | OTU |
| Modifying agency | OCoLC |
| -- | DLC |
| 042 ## - AUTHENTICATION CODE | |
| Authentication code | premarc |
| 050 00 - LIBRARY OF CONGRESS CALL NUMBER | |
| Classification number | PS3531.O752 |
| Item number | F57 |
| 100 1# - MAIN ENTRY--PERSONAL NAME | |
| Personal name | Porter, Katherine Anne, |
| Dates associated with a name | 1890-1980. |
| 245 12 - TITLE STATEMENT | |
| Title | L'arbre de Judée, |
| Statement of responsibility, etc. | traduction de Marcelle Sibon. |
| 260 ## - PUBLICATION, DISTRIBUTION, ETC. | |
| Place of publication, distribution, etc. | Paris, |
| Name of publisher, distributor, etc. | Éditions du Pavois |
| Date of publication, distribution, etc. | [1945] |
| 300 ## - PHYSICAL DESCRIPTION | |
| Extent | 2 p. l., [7]-267 p., 2 l. |
| Dimensions | 19 cm. |
| 490 0# - SERIES STATEMENT | |
| Series statement | Bibliothèque internationale |
| 505 0# - FORMATTED CONTENTS NOTE | |
| Formatted contents note | L'abre de Judée.--María Concepción.--Sorcellerie.--La corde.--Lui.--Un voi.--Cet abre.--Les fiançialles rompues de Granny Weatherall.--Le miroir félé.--Hacienda. |
| 700 1# - ADDED ENTRY--PERSONAL NAME | |
| Personal name | Sibon, Marcelle, |
| Relator term | tr. |
No items available.